000 00324nam a2200133Ia 4500
005 20251222143258.0
008 251222s9999||||xx |||||||||||||| ||spa||
020 _a84-7050-237-9
082 _a235.7/M27
100 _aDi Mascio Lorenzoni, Ana Lisa
245 0 _aLa Crucifixión de Jesús
264 _bEdicep
942 _cLIB
999 _c15236
_d15236